000 00592nam a2200241 4500
001 1992
010 _a9789899254190
021 _aPT
_b544090/25
090 _a1992
100 _a20251120d2025 m||y0pory50030103ba
101 _apor
102 _aPT
200 _aApesar do sangue
_fRita da Nova
205 _a1ª edição
210 _aLisboa
_cManuscrito
_d2025
215 _a246 p.
_d24 cm
300 _aBMB-Registado
606 _9776
_aLiteratura Portuguesa
606 _9779
_aRomance
675 _a821.134.3-31
_vBMB
_zpor
700 _aNova
_bRita da
_91753
801 _aPT
_bBMB
_gRPC
990 _cLIVROS